Statistics for Regions of Italy Map Quiz - One Minute Sprint

Click here to take the quiz!

General Stats

  • This quiz has been taken 12 times
  • The average score is 12 of 20

Answers on the Map

Answers color-coded by a green-red scale on the quiz's map according to % correct below.
 

Answer Stats

Answer% Correct
Sardinia
100%
Sicily
92%
Tuscany
83%
Lazio
75%
Trentino-South Tyrol
67%
Abruzzo
58%
Apulia
58%
Basilicata
58%
Calabria
58%
Campania
58%
Emilia-Romagna
58%
Lombardy
58%
Marche
58%
Piedmont
58%
Veneto
58%
Aosta Valley
50%
Friuli-Venezia Giulia
50%
Liguria
50%
Molise
50%
Umbria
42%

Score Distribution

Percentile by Number Answered

Percent of People with Each Score

Your Score History

You have not taken this quiz